Animal Crossing Games - Statistics

General Stats
  • This quiz has been taken 15 times
  • The average score is 5 of 6
Answer Stats
Console Answer % Correct
Nintendo Switch Animal Crossing: New Horizons
100%
3DS Animal Crossing: New Leaf
100%
Wii Animal Crossing: City Folk
90%
DS Animal Crossing: Wild World
90%
Game Cube Animal Crossing
60%
Nintendo 64 Dobutsu no Mori
60%
No matching quizzes found
Score Distribution
Percent of People with Each Score
Percentile by Number Answered
Your Score History
You have not taken this quiz